| 000 | 00667cam a2200145 4500500 | ||
|---|---|---|---|
| 005 | 20251228093444.0 | ||
| 041 | _afre | ||
| 042 | _adc | ||
| 100 | 1 | 0 |
_aButtino, Marco _eauthor |
| 245 | 0 | 0 | _aIsabelle OHAYON, La sédentarisation des Kazakhs dans l’URSS de Staline. Collectivisation et changement social (1928-1945). Paris : Maisonneuve Larose -- Institut Français d?Études sur l’Asie Centrale, 2006, 426 p. |
| 260 | _c2006. | ||
| 500 | _a13 | ||
| 786 | 0 | _nCahiers du monde russe | Vol 47 | 4 | 2006-11-01 | p. 785zze-964zze | 1252-6576 | |
| 856 | 4 | 1 | _uhttps://shs.cairn.info/revue-cahiers-du-monde-russe-2006-4-page-785zze?lang=fr&redirect-ssocas=7080 |
| 999 |
_c1604432 _d1604432 |
||